| 000 | 01874cam a2200385 i 4500 | ||
|---|---|---|---|
| 001 | vtls003271156 | ||
| 003 | MY-SjTCS | ||
| 005 | 20200226120934.0 | ||
| 008 | 160520t20152015gw a b 001 0 eng d | ||
| 020 | _a9783527333745 (hardback : sets of 5 volumes) | ||
| 039 | 9 |
_a201809071420 _bVLOAD _c201606131104 _dshuhada _c201606131102 _dshuhada _y201605201004 _zmalathy |
|
| 040 | _erda | ||
| 082 | 0 | 4 |
_a660.2842 _bANA 2015 |
| 245 | 0 | 0 |
_aAnalytical separation science / _cedited by Jared L. Anderson, Alain Berthod, Verónica Pino Estévez, Apryll M. Stalcup. |
| 264 | 1 |
_aWeinheim, Germany : _bWiley-VCH, _c[2015] |
|
| 264 | 4 | _c©2015 | |
| 300 |
_a5 volumes : _billustrations (black and white, and colour) ; _c26 cm |
||
| 336 |
_atext _2rdacontent |
||
| 337 |
_aunmediated _2rdamedia |
||
| 338 |
_avolume _2rdacarrier |
||
| 504 | _aIncludes bibliographical references and index. | ||
| 505 | 0 | _av. 1. Liquid chromatography -- v. 2. Special liquid chromatography modes and capillary eletromigration techniques -- v. 3. Gas chromatography, sub- and supercritical fluid chromatography -- v. 4. Special chromatographic techniques -- v. 5. Sample preparation, method validation, and analytical applications. | |
| 650 | 0 |
_aSeparation (Technology) _927663 |
|
| 650 | 0 |
_aChromatographic analysis. _921008 |
|
| 700 | 1 |
_aAnderson, Jared L. _975695 |
|
| 700 | 1 |
_aBerthod, Alain, _d1950- _975696 |
|
| 700 | 1 |
_aPino, Verónica. _975697 |
|
| 700 | 1 |
_aStalcup, Apryll M. _975698 |
|
| 740 | 0 | 2 | _aLiquid chromatography. |
| 740 | 0 | 2 | _aSpecial liquid chromatography modes and capillary eletromigration techniques. |
| 740 | 0 | 2 | _aGas chromatography, sub- and supercritical fluid chromatography. |
| 740 | 0 | 2 | _aSpecial chromatographic techniques. |
| 740 | 0 | 2 | _aSample preparation, method validation, and analytical applications. |
| 920 | _aBMS : 223216, 223247, 223248, 223249, 223250 | ||
| 999 | _c173487 | ||